Politically Insulated States - Statistics

General Stats
  • This quiz has been taken 46 times
  • The average score is 12 of 14
Answer Stats
Answer % Correct
California
93%
Maine
93%
New York
93%
Vermont
93%
New Hampshire
91%
Mississippi
88%
Rhode Island
88%
Connecticut
86%
Massachusetts
86%
Delaware
84%
New Jersey
81%
Arkansas
79%
Montana
79%
Louisiana
72%
No matching quizzes found
Score Distribution
Percent of People with Each Score
Percentile by Number Answered
Your Score History
You have not taken this quiz